000 00721nam a2200217Ia 4500
005 20250508170101.0
008 008 250505s9999 xx 000 0 eng d
020 _a978-0-8153-7838-9
037 _aReference
040 _aFEDL
_beng
_cFEDL
041 _aeng
_2eng
084 _a372.21, JOH/RR
_qFEDL
100 _aJohansson Viktor
_9782956
245 0 _aLiterature and philosophical play in early childhood education: A humanities based approach to research and practice
260 _aLondon, UK
_bRoutledge
_c2019
300 _avii, 139p.
365 _aGBP
_b120
490 _aNew Directions in the Philosophy of Education series
942 _cREF
_h372.21, JOH/RR
999 _c1399126
_d1399126